| 000 -CABECERA |
| Longitud fija campo de control |
01213nam a22002297a 4500 |
| 001 - NÚMERO DE CONTROL |
| Número de control |
991026831649706706 |
| 003 - IDENTIFICADOR DEL NÚMERO DE CONTROL |
| Identificador del número de control |
OSt |
| 005 - FECHA Y HORA DE LA ÚLTIMA TRANSACCIÓN |
| Fecha y hora de la última transacción |
20211228105748.0 |
| 007 - CAMPO FIJO DE DESCRIPCIÓN FÍSICA |
| Campo fijo de descripción f&íacute;sica |
t |
| 008 - CÓDIGOS DE INFORMACIÓN DE LONGITUD FIJA |
| Códigos de información de longitud fija |
020529s2002 sp a 000 0bspa c |
| 017 ## - NÚMERO DE COPYRIGHT O DE DEPÓSITO LEGAL |
| Número de copyright o de depósito legal |
M-12102-2000 |
| 035 ## - NÚMERO DE CONTROL DEL SISTEMA |
| Número de control del sistema |
(ES-BaCBU).b47146357 |
| 040 ## - FUENTE DE LA CATALOGACIÓN |
| Centro catalogador de origen |
ES-BaCBU |
| Lengua de catalogación |
cat |
| Centro transcriptor |
CDMR |
| 245 00 - MENCIÓN DE TÍTULO |
| Título |
Difusión de la prensa en España |
| Medio |
[Fitxer informàtic] |
| Resto del título |
: toda la difusión certificada y garantizada por OJD de la prensa escrita (1995-2001) y de los medios electrónicos en Internet (1997-2001) / |
| Mención de responsabilidad, etc. |
Oficina de Justificación de la Difusión |
| 260 ## - PUBLICACIÓN, DISTRIBUCIÓN, ETC. (PIE DE IMPRENTA) |
| Lugar de publicación, distribución, etc. |
Barcelona : |
| Nombre del editor, distribuidor, etc. |
OJD. Oficina de Justificación de la Difusión, |
| Fecha de publicación, distribución, etc. |
cop. 2002 |
| 300 ## - DESCRIPCIÓN FÍSICA |
| Extensión |
1 CD-ROM ; |
| Dimensiones |
12 cm + |
| Material anejo |
1 guia de l'usuari ([2] p.) |
| 500 ## - NOTA GENERAL |
| Nota general |
Requeriments del sistema: Ordinador PC o compatible, Pentium 100 MHz o superior ; 16 MB de RAM ; Quicktime 3.0 per a Windows 95 ; targeta de so de 16 bits, compatible Soundblaster ; lector de CD-ROM, mínim 8x ; monitor amb resolució mínima 640x480, amb capacitat de color d'alta densitat (16 bits) |
| 710 2# - PUNTO DE ACCESO ADICIONAL - NOMBRE DE ENTIDAD |
| Nombre de entidad o nombre de jurisdicción como elemento inicial |
Oficina de Justificación de la Difusión. |
| 907 ## - ELEMENTO G DATOS LOCALES, GDL (RLIN) |
| a |
.b47146357 |
| b |
22-01-21 |
| c |
17-12-10 |
| d |
17-12-10 |
| e |
m |
| f |
a |
| g |
- |
| h |
spa |
| i |
sp |
| j |
0 |
| k |
1 |
| 908 ## - CONTROL DE PARÁMETROS (RLIN) |
| Parametro de comando lanzado |
URL |
| 942 ## - ENTRADA DE ELEMENTOS AGREGADOS (KOHA) |
| Fuente de clasificaión o esquema |
|
| Koha [por defecto] tipo de item |
Materials audiovisuals |